Entry Nombre personal
001 - NÚMERO DE CONTROL
- campo de control: 90810
003 - IDENTIFICADOR DE NÚMERO DE CONTROL
- campo de control: SpMaBN
005 - FECHA Y HORA DE LA ÚLTIMA TRANSACCIÓN
- campo de control: 20231214135928.0
008 - ELEMENTOS DE DATO DE LONGITUD-FIJA
- campo de control de longitud fija: 901120n| aijnnaabn a aaa
016 ## - NÚMERO DE CONTROL DE UNA AGENCIA BIBLIOGRÁFICA NACIONAL
- Número de control del registro: BNE19900647243
024 7# - IDENTIFICADOR DE OTROS ESTÁNDARES
- Número estándar o código: http://viaf.org/viaf/248886755/
- Fuente: viaf
024 7# - IDENTIFICADOR DE OTROS ESTÁNDARES
- Número estándar o código: https://isni.org/isni/0000000086948599
- Fuente: isni
024 7# - IDENTIFICADOR DE OTROS ESTÁNDARES
- Número estándar o código: http://www.wikidata.org/entity/Q21849447
- Fuente: wikidata
040 ## - FUENTE DE CATALOGACIÓN
- Centro catalogador/agencia de origen: SpMaBN
- Lengua de catalogación: spa
- Centro/agencia transcriptor: SpMaBN
- Normas de descripción: rdc
- Convención/Normas de encabezamiento de materia/tesauro: embne
046 ## - FECHAS CON CODIFICACIÓN ESPECIAL
- Fecha de nacimiento: 1922
- Fecha de la muerte: 2004
100 1# - ENCABEZAMIENTO-NOMBRE DE PERSONA
- Nombre de persona: Pérez de Tudela y Bueso, Juan,
- Fechas asociadas al nombre: 1922-2004
370 ## - LUGAR ASOCIADO
- Lugar de nacimiento: Madrid
- Número de control del registro de autoridad o número normalizado: XX450543
- Fuente de información: Wikidata
374 ## - OCUPACIÓN
- Ocupación: Historiadores
- Fuente de información: Wikidata
375 ## - GÉNERO/SEXO
- Género: Masculino
377 ## - IDIOMA ASOCIADO
- Código del idioma: spa
- Término de lengua/lenguaje: Español
400 1# - TRAZADO DE VÉASE--NOMBRE DE PERSONA
- Nombre de persona: Pérez de Tudela, Juan,
- Fechas asociadas al nombre: 1922-2004
400 1# - TRAZADO DE VÉASE--NOMBRE DE PERSONA
- Nombre de persona: Pérez de Tudela Bueso, Juan,
- Fechas asociadas al nombre: 1922-2004
670 ## - FUENTE DE DATOS ENCONTRADOS
- Cita de la fuente: Cristóbal Colón, 1989
- Información encontrada: port. (Juan Pérez de Tudela y Bueso)
670 ## - FUENTE DE DATOS ENCONTRADOS
- Cita de la fuente: Geografía económica de España, analítica y estadística, 1962
- Información encontrada: port. (Juan Pérez de Tudela Bueso)
670 ## - FUENTE DE DATOS ENCONTRADOS
- Cita de la fuente: Las armadas de Indias y los orígenes de la política de colonización, 1956
- Información encontrada: port. (Juan Pérez de Tudela)
670 ## - FUENTE DE DATOS ENCONTRADOS
- Cita de la fuente: El País, 25-11-2004
- Información encontrada: (Juan Pérez de Tudela y Bueso; n. 1922, Madrid, m. 24-11-2004, Madrid; historiador y académico)
856 4# - LOCALIZACIÓN Y ACCESO ELECTRÓNICOS
- Identificador Uniforme de Recursos: https://dialnet.unirioja.es/servlet/autor?codigo=120168
